Geography Quiz

Random Geography or City Quiz
Score 0/34 Timer 05:00
0 Plays Today
Question Answer % Correct
CountryThe Netherlands
99.5%
ProvinceGelderland
96.7%
Train StationNijmegen
95.7%
MunicipalityNijmegen
95.2%
RiverWaal
92.4%
Football ClubNijmegen Eendracht Combinatie
89.5%
Major EventInternationale Vierdaagse Afstandsmarsen Nijmegen
84.8%
UniversityRadboud University Nijmegen
82.9%
ParkGoffertpark
82.4%
BridgeWaalbrug
78.1%
German NameNimwegen
75.7%
Train StationNijmegen Dukenburg
72.4%
Train StationNijmegen Lent
69%
Train StationNijmegen Heyendaal
67.6%
StadiumGoffertstadion
67.1%
UniversityHAN University of Applied Sciences
66.2%
ParkKronenburgerpark
60%
Question Answer % Correct
Town SquarePlein 1944
57.6%
HospitalUMC St Radboud
56.2%
Latin NameNoviomagus
55.2%
HospitalCanisius Wilhelmina Ziekenhuis
54.8%
Bridge (Future)De Oversteek
52.9%
CanalMaas-Waalkanaal
51.9%
ParkValkhof
46.7%
Town SquareKeizer Karelplein
46.7%
MajorHubert Bruls
45.7%
BreweryDe Hemel
37.1%
HospitalSint Maartenskliniek
35.7%
BuildingSint-Stevenskerk
33.8%
BridgeSnelbinder
31.9%
NicknameHavanna aan de Waal
11.4%
BuildingFiftyTwoDegrees
6.2%
BuildingConcertgebouw de Vereeniging
4.3%
BuildingSint-Nicolaaskapel
0.5%
Remove Ads.
Support Sporcle.
Get the best of Sporcle when you Go Orange. This ad-free experience offers more features, more stats, and more fun while also helping to support Sporcle. Thank you for becoming a member.

You're not logged in!

Compare scores with friends on all Sporcle quizzes.
OR
Log In

Show Comments

Extras

Top Quizzes Today


Score Distribution

Your Account Isn't Verified!

In order to create a playlist on Sporcle, you need to verify the email address you used during registration. Go to your Sporcle Settings to finish the process.

Report this User

Report this user for behavior that violates our Community Guidelines.

Details: